| 000 | 00878nas a2200289 4500 | ||
|---|---|---|---|
| 001 | BR9501069 | ||
| 003 | BR-BrBNA | ||
| 005 | 20231205093931.0 | ||
| 007 | ta | ||
| 008 | 230509b bl.|||p| |||| 00| 00por d | ||
| 040 |
_aBR-BrBNA _bpor _cBiblioteca Nacional de Agricultura |
||
| 041 | _a(Pt) | ||
| 072 | _aH60 | ||
| 100 | 1 | _aAzevedo, D.M.P. de | |
| 100 | 1 | _aBeltrao, N.E. de M. | |
| 100 | 1 | _aNobrega, L.B. da | |
| 100 | 1 | _aSantos, J.W. dos | |
| 100 | 1 | _aVieira, D.J. | |
| 245 | 1 | _aPeriodo critico de competicao entre plantas daninhas e o algodoeiro anual irrigado | |
| 650 | _aAlgodao | ||
| 650 | _aErva Daninha | ||
| 650 | _aCapina | ||
| 650 | _aCompeticao de Variedade | ||
| 773 | 0 |
_tPesquisa Agropecuaria Brasileira (Brazil) _xISSN 0100-204X _g(Sep 1994), v. 29(9) p. 1417-1425 _wBR9501069 |
|
| 909 |
_a202311 _bLúcia _c55 _dLúcia Elande |
||
| 942 |
_2AGRIS _n0 _cANA |
||
| 999 |
_c141176 _d141176 |
||